| 000 | 00644cam a2200193u 4500 | ||
|---|---|---|---|
| 001 | 000001479 | ||
| 005 | 20240313182408.0 | ||
| 008 | 810211s1942 xxuab 000 0 eng | ||
| 040 |
_aDO-SdBNP _bspa _cBNPHU |
||
| 082 |
_axxxx _bC719M, 1942 |
||
| 100 | 1 |
_aMorison, Samuel Eliot, _d1887-1976. _94889 |
|
| 245 | 1 | 0 |
_aAdmiral of the ocean sea : _bA life of Christopher Columbus. |
| 260 |
_aNew York : _bLittle Brown and Company, _c1942. |
||
| 300 |
_av. : _bil., mapas ; _c22 cm. |
||
| 590 | _aInventariado, 2019 /LP | ||
| 600 | 0 |
_aCOLÓN, CRISTOBAL, _d1436-1456 _919795 |
|
| 700 | 1 |
_aRaisz, Erwin, _bmapas _94890 |
|
| 700 | 1 |
_aGreene, Bertram, _eil. _94891 |
|
| 999 |
_c1387 _d1387 |
||